000 01077nam a2200325 c 4500
003 BLK
005 20240509133228.0
008 180408b bul|||||r ||||||| ||bul||
010 _aKNG00053220000
020 _a3-423-03322-3
040 _aBLK
041 _aDEU
_cDEU
080 _aТеатър. Сценично изкуство. Вж 725.82; 782; 82-2
_b792
_x.07(03)(092)
_z792.07(03)(092)
080 _aБиографии
_b929
_x(100)
_z929(100)
100 _9492457
_aDossel, Christine
139 _aDossel, Christine et al.
245 1 0 _aTheaterlexikon
_bAutoren, Regisseure, Schauspieler, Dramaturgen, Buhnenbildner, Kritiker
_cChristine Dossel, Jean-Claude Kuner, C. Bernd Sucher
260 _bDeutscher Taschenbuch Verlag
_c1995
300 _a818 c.
_c19 cm
380 _a79
700 _9492458
_aKuner, Jean-Claude
700 _9492459
_aSucher, C. Bernd
852 _aЦб 187809
856 4 _qpdf
856 4 _qpdf
942 _cKNG
_n0
944 _aCR
_c01.01.1999
_k30556
_lТеодора Пейчева-Дянкова
944 _aED
_c13.02.2017
_kЛили_Борисова
999 _c49370
_d49370
999 _d49370